10 langues slaves les plus parlées - Statistiques

Statistiques générales
  • Ce quiz a été pris 55 fois
  • Le résultat moyen est 8 sur 10
Statistiques - réponses
Locuteurs Langues % Correct
258 000 000 Russe
96%
21 174 000 Serbo-Croate
92%
41 400 000 Ukrainien
90%
40 850 000 Polonais
87%
12 500 000 Tchèque
85%
7 895 240 Bulgare
83%
5 200 000 Slovaque
83%
7 247 100 Bielorusse
75%
2 200 000 Slovène
75%
2 050 000 Macédonien
58%
Aucun quiz correspondant
Distribution des résultats
% des personnes avec chaque résultat
Percentile par nombre de réponses
Votre historique - résultats
Vous n’avez pas pris ce quiz